| 000 | 00371nam a2200145 a 4500 | ||
|---|---|---|---|
| 001 | 3816 | ||
| 003 | CDMR | ||
| 005 | 20130306104228.0 | ||
| 008 | 130130s2006||||||||||||||||||||||||||||d | ||
| 040 |
_aCDMR _bcat _cCPC LLEIDA |
||
| 100 | 1 |
_aRuich, Laia _92701 |
|
| 245 | 1 | 0 |
_aÀngel Ros, polític per convenciment _cRUICH, Laia |
| 260 |
_aLleida _c2006 _bPagès |
||
| 942 |
_cMON _2udc |
||
| 999 |
_c3816 _d3816 |
||